1 & 2 Kings / (Record no. 18652)

000 -LEADER
fixed length control field 00488nam a2200181Ia 4500
020 ## - INTERNATIONAL STANDARD BOOK NUMBER
ISBN 1850758026
040 ## - CATALOGING SOURCE
Transcribing agency TWV
082 04 - DEWEY DECIMAL CLASSIFICATION NUMBER
Classification number 222 SAP 2001 C150 Or.
100 1# - MAIN ENTRY--AUTHOR NAME
Personal name Provan, Iain W.
245 10 - TITLE STATEMENT
Title 1 & 2 Kings /
246 3# - VARYING FORM OF TITLE
Title proper/short title 1 and 2 Kings
246 3# - VARYING FORM OF TITLE
Title proper/short title First and Second Kings
260 ## - PUBLICATION, DISTRIBUTION, ETC. (IMPRINT)
Place of publication Sheffield, England :
Name of publisher Sheffield Academic Press,
Year of publication c2001.
300 ## - PHYSICAL DESCRIPTION
Number of Pages 125 p. ;
Dimensions 22 cm.
490 0# - SERIES STATEMENT
Series statement Old Testament guides
500 ## - GENERAL NOTE
General note Reprint. Originally published: 1997.
942 ## - ADDED ENTRY ELEMENTS (KOHA)
Koha item type ADB
952 ## - LOCATION AND ITEM INFORMATION (KOHA)
Withdrawn status [LOCAL, KOHA] 0
Holdings
Source of acquisition Permanent Location Date acquired Koha item type Lost status Shelving location Current Location Full call number
A37973Library Block C2019-12-31សៀវភៅភាសាអង់គ្លេស C150Library Block C222 SAP 2001 C150 Or.
មជ្ឈមណ្ឌលឯការនៃសាកលវិទ្យាល័យភូមិន្ទកសិកម្មចំការដូង

Powered by Koha